Historia de la poesía lírica a lo divino en la cristiandad occidental / (Record no. 134053)

MARC details
000 -LEADER
campo de control de longitud fija 00575nam a2200181 i 4500
001 - NÚMERO DE CONTROL
campo de control 134053
003 - IDENTIFICADOR DE NÚMERO DE CONTROL
campo de control ES-MaACL
005 - FECHA Y HORA DE LA ÚLTIMA TRANSACCIÓN
campo de control 20230906194604.0
007 - CAMPO FIJO DE DESCRIPCIÓN FÍSICA--INFORMACIÓN GENERAL
campo de control de longitud fija t|
008 - DATOS DE LONGITUD FIJA--INFORMACIÓN GENERAL
campo de control de longitud fija 070905s1958 sp ||||1| spa d
100 1# - ENTRADA PRINCIPAL--NOMBRE DE PERSONA
Nombre de persona Wardropper, Bruce W.
9 (RLIN) 178592
245 10 - MENCIÓN DEL TÍTULO
Título Historia de la poesía lírica a lo divino en la cristiandad occidental /
Mención de responsabilidad, etc. Bruce W. Wardropper.
260 ## - PUBLICACIÓN, DISTRIBUCIÓN, ETC.
Lugar de publicación, distribución, etc. Madrid :
Nombre del editor, distribuidor, etc. Revista de Occidente,
Fecha de publicación, distribución, etc. [1958]
300 ## - DESCRIPCIÓN FÍSICA
Extensión VIII, 344 p. ;
Dimensiones 18 cm.
650 #4 - PUNTO DE ACCESO ADICIONAL DE MATERIA--TÉRMINO DE MATERIA
Término de materia o nombre geográfico como elemento de entrada Poesía cristiana-
Subdivisión general Historia y crítica.
9 (RLIN) 170537
852 ## - LOCALIZACIÓN
Ubicación ES-MaACL
Número de control de estantería C-15573
Holdings
Estatus retirado Estado de pérdida Estado de daño No para préstamo Biblioteca de origen Biblioteca actual Ubicación en estantería Fecha de adquisición Fuente de adquisición Total de préstamos Signatura topográfica completa Código de barras Visto por última vez Precio de reemplazo Tipo de ítem Koha
        Biblioteca del Ateneo de Madrid Biblioteca del Ateneo de Madrid Ficheros 17/01/2008     C-15573 1139543 23/02/2023 23/02/2023 Libro impreso